000 00607nam a2200205Ia 4500
003 GCL
008 140319s9999 xx 000 0 ara d
040 _aGCL /
_cGCL
082 0 4 _aط
_b891
_bع ب
100 1 _aعصمت والى
245 1 0 _aتراث الانسانية من الهند: البنجاتنترا /
_cعصمت والى
700 1 _aعصمت مهدى
300 _a34 ص
490 _aالهيئة العامة للاستعلامات
_v0
650 0 4 _aالاطفال
650 0 4 _aالقصص
650 0 4 _aقصص الاطفال
650 0 4 _aالادب الهندى
942 _2ddc
_cBK
999 _c51476
_d51476